000 00350nam a2200145Ia 4500
008 240624s9999 xx 000 0 und d
041 _aeng
082 _a303.48 POR
100 _aPORTA DONATELLA DELLA
245 _aSOCIAL MOVEMENTS AN INTRODUCTION
250 _a(2nd ed.)
260 _c2005
_aOxford
_bWiley
300 _a360 : p.
365 _c
_b27
999 _c21064
_d21064